In search of India's renaissance : transactions of a seminar on nation building,elhi, 3-7 December, 1988 (Record no. 15269)

MARC details
000 -LEADER
fixed length control field 00418nam a2200109Ia 4500
082 ## - DEWEY DECIMAL CLASSIFICATION NUMBER
Classification number 720.954 CEN-I
100 ## - MAIN ENTRY--AUTHOR NAME
Personal name Centre for Research in Rural and Industrial Development
245 #0 - TITLE STATEMENT
Title In search of India's renaissance : transactions of a seminar on nation building,elhi, 3-7 December, 1988
260 ## - PUBLICATION, DISTRIBUTION, ETC. (IMPRINT)
Place of publication Chandigarh
Name of publisher Centre for Research in Rural and Industr
Year of publication 1990
500 ## - GENERAL NOTE
General note Content: Vol. vol.1 (ix,244)
942 ## - ADDED ENTRY ELEMENTS (KOHA)
Koha item type Books
Holdings
Withdrawn status Lost status Damaged status Not for loan Collection code Home library Current library Date acquired Bill Date Full call number Accession Number Price effective from Koha item type
        Docas Gratis Books NASSDOC Library NASSDOC Library 05/09/2016 2005-03-16 720.954 CEN-I DG000569 18/04/2019 Books